Loading...
Life and poetry of Sara Shagufta
| Main Authors: | , |
|---|---|
| Format: | Printed Book |
| Published: |
New Delhi, BR Publishing
1994
|
| Subjects: |
| LEADER | 005520000a22001930004500 | ||
|---|---|---|---|
| 020 | |a 81 7018 7710 | ||
| 082 | |a 821 SAR 09 N4 | ||
| 100 | |a Amrita Pritam | ||
| 100 | |a Gurudev Chauhan; Tr | ||
| 245 | |a Life and poetry of Sara Shagufta | ||
| 260 | |a New Delhi, BR Publishing | ||
| 260 | |c 1994 | ||
| 465 | |a R 60 | ||
| 650 | |a Criticism | ||
| 650 | |a English | ||
| 650 | |a Poetry | ||
| 942 | |c BK | ||
| 999 | |c 1321 |d 1321 | ||
| 952 | |0 0 |1 0 |4 0 |6 821_SAR_090000000000000_N4 |7 0 |8 ENG |9 1113 |a MGUL |b MGUL |d 2013-07-16 |e R 60 |l 0 |o 821 SAR 09 N4 |p 25308 |r 2013-07-16 |w 2013-07-16 |y BK | ||